=LDR 00000nam 2200000 4500 =001 INLIS00000000000113 =005 20260702043538 =020 ##$$a 978-623-473-075-3 =082 ##$$a 006.584 =100 1#$$a Putra, Wahyu Syah =245 1 $$a Tuhan Tahu Kamu Kuat /$c Wahyu Syah Putra =300 ##$$a 86 hlm ; 14X20cm